| 000 | 00508cam a2200205ua 4500 | ||
|---|---|---|---|
| 001 | 11575 | ||
| 005 | 20260515114753.0 | ||
| 008 | 191010n ii |||gr||||Z||||||eng | ||
| 020 | _a9789382420989 | ||
| 040 | _cMAIN | ||
| 041 | _aeng | ||
| 082 | _a305.3 | ||
| 100 |
_aNandita Deb, _eEditor. |
||
| 245 |
_aGender issues and education in modern society _cEd by Nandita Deb |
||
| 250 | _a1st ed. | ||
| 260 |
_aNew Delhi: _bkunal books, _c2016. |
||
| 300 | _a221p. | ||
| 653 | _aSocial groups | ||
| 942 | _cBK | ||
| 999 |
_c10382 _d10382 |
||